<?xml version="1.0" encoding="UTF-8"?>
<record
    xmlns:xsi="http://www.w3.org/2001/XMLSchema-instance"
    xsi:schemaLocation="http://www.loc.gov/MARC21/slim http://www.loc.gov/standards/marcxml/schema/MARC21slim.xsd"
    xmlns="http://www.loc.gov/MARC21/slim">

  <leader>03348nam a2200289   4500</leader>
  <controlfield tag="005">20250903155345.0</controlfield>
  <controlfield tag="007">ta</controlfield>
  <controlfield tag="008">250902s2024    ph ||||| m||| 00| 0 eng d</controlfield>
  <datafield tag="040" ind1=" " ind2=" ">
    <subfield code="c">CSPC</subfield>
  </datafield>
  <datafield tag="090" ind1=" " ind2=" ">
    <subfield code="a">UTH BSOA B644e</subfield>
  </datafield>
  <datafield tag="100" ind1="1" ind2=" ">
    <subfield code="a">Boquiron, Mark Vincent SJ.</subfield>
    <subfield code="e">author.</subfield>
  </datafield>
  <datafield tag="245" ind1="0" ind2="0">
    <subfield code="a">Effects of technology in blended learning instruction : an analysis /</subfield>
    <subfield code="c">Mark Vincent SJ. Boquiron, Maria Jullia T. Caceres, Mark Rodolf R. Cahindi, Carlos E. Domingo and Ma. Angelica SA. Evallar.</subfield>
  </datafield>
  <datafield tag="260" ind1=" " ind2=" ">
    <subfield code="a">Buhi, Camarines Sur :</subfield>
    <subfield code="b">Camarines Sur Polytechnic Colleges,</subfield>
    <subfield code="c">2024.</subfield>
  </datafield>
  <datafield tag="300" ind1=" " ind2=" ">
    <subfield code="a">xvi, 142 pages :</subfield>
    <subfield code="c">29 cm. </subfield>
    <subfield code="e">electronic copy.</subfield>
  </datafield>
  <datafield tag="502" ind1=" " ind2=" ">
    <subfield code="a">Undergraduate Thesis (BSOA) - Office Administration</subfield>
    <subfield code="c">Camarines Sur Polytechnic Colleges, 2024.</subfield>
  </datafield>
  <datafield tag="520" ind1=" " ind2=" ">
    <subfield code="a">The COVID-19 pandemic has proudly impacted various aspects of life, including education. As lockdown measures were implemented globally, educational institutions faced significant challenges in continuing formal education. This situation necessitated the adoption of alternative learning modalities, such as blended learning, to ensure the continuity of education. Technology contributes to a rich and engaging learning environment that is consistent by providing interactive tools and positive impact to learning. Two hundred (200) students from 2nd to 4th year enrolled in the BSOA  at CSPC- Buhi Campus, were systematically chosen served as respondents. The Descriptive Method was used to attain the objectives. The instruments  used in this study was research-crafted survey questionnaire through actual distribution and google form for data collection and was interpreted using weighted mean and 4-Point Liker Type. The findings are aligned to the statement of the problem. This includes the respondents profile as to age, year level, location of residence and GWA last semester. Form of technology resources in terms of gadgets, WI-FI/internet service provider and software/applications used by respondents in blended learning instructions is also indicated in this study. Positive effects revealed that in synchronous online learning, it is important to find an stable internet connections and keep cameras open to ensure attentiveness. Instructors should also consider  the intermittent or low internet connection issues in certain areas. For asynchronous online learning, providing enough time to complete activities and clear instructions and spicifuc deadlines for quizzes should be given to help students manage their time effectively. For face-to-face learning, using technology wisely enhance the learning process. Providing necessary facility/resource like HDMI cables and encouraging interactive discussions can foster conducive learning environment. Overall, these recommendations aim to create a more engaging, personalized, and effective educational experience through the thoughtful integration of technology in blended learning instruction.</subfield>
  </datafield>
  <datafield tag="700" ind1=" " ind2=" ">
    <subfield code="a">Caceres, Maria Julia T., </subfield>
    <subfield code="e">author.</subfield>
  </datafield>
  <datafield tag="700" ind1=" " ind2=" ">
    <subfield code="a">Cahindi, Mark Rodolf R.,</subfield>
    <subfield code="e">author.</subfield>
  </datafield>
  <datafield tag="700" ind1=" " ind2=" ">
    <subfield code="a">Domingo, Carlos R.,</subfield>
    <subfield code="e">author.</subfield>
  </datafield>
  <datafield tag="700" ind1=" " ind2=" ">
    <subfield code="a">Evallar, Ma. Angelica SA., </subfield>
    <subfield code="e">author.</subfield>
  </datafield>
  <datafield tag="720" ind1=" " ind2=" ">
    <subfield code="a">Oliveros, Josefin N.</subfield>
    <subfield code="e">Adviser</subfield>
  </datafield>
  <datafield tag="720" ind1=" " ind2=" ">
    <subfield code="a">Sagala, Marimin N.</subfield>
    <subfield code="e">Chairman</subfield>
  </datafield>
  <datafield tag="720" ind1=" " ind2=" ">
    <subfield code="a"> Luzon, Ni&#x1FC6;o Jeffrey L.</subfield>
    <subfield code="e">Member</subfield>
  </datafield>
  <datafield tag="720" ind1=" " ind2=" ">
    <subfield code="a">Maninang, Jeorgette N.</subfield>
    <subfield code="e">Member</subfield>
  </datafield>
  <datafield tag="942" ind1=" " ind2=" ">
    <subfield code="2">ddc</subfield>
    <subfield code="n">0</subfield>
    <subfield code="c">UM</subfield>
  </datafield>
  <datafield tag="952" ind1=" " ind2=" ">
    <subfield code="0">0</subfield>
    <subfield code="1">0</subfield>
    <subfield code="2">ddc</subfield>
    <subfield code="4">0</subfield>
    <subfield code="7">1</subfield>
    <subfield code="a">BUHI</subfield>
    <subfield code="b">BUHI</subfield>
    <subfield code="c">UTH</subfield>
    <subfield code="d">2025-09-02</subfield>
    <subfield code="l">0</subfield>
    <subfield code="o">UTH BSOA B644e 2024</subfield>
    <subfield code="p">00227UM-BUH</subfield>
    <subfield code="r">2025-09-02 15:25:36</subfield>
    <subfield code="t">1-1</subfield>
    <subfield code="w">2025-09-02</subfield>
    <subfield code="y">UM</subfield>
  </datafield>
  <datafield tag="999" ind1=" " ind2=" ">
    <subfield code="c">30245</subfield>
    <subfield code="d">30245</subfield>
  </datafield>
</record>
